000 01479nam0a2200325 4500
001 RU\NLR\BIBL_A\011306690
005 20250626041438.0
010 _a978-5-09-043249-8
_92000
021 _aRU
_b2017-36692
_92685
021 _aRU
_b2016-95852
_96347
035 _a(RuMoRGB)008889715
035 _a(NLR Aleph) 011306690
090 _a11000109
_c11000109
100 _a20170111d2016 |||y0rusy50 ca
101 0 _arus
102 _aRU
105 _aa|||j|||000zy
200 1 _aТехнология
_iШвейное дело
_eучебник для общеобразовательных организаций, реализующих адаптированные основные общеобразовательные программы
_e5 класс
_fГ.Б. Картушина, Г.Г. Мозговая
205 _a9-е изд.
210 _aМосква
_cПросвещение
_d2016
215 _a159, [1] с.
_cил., цв. ил.
_d22
300 _aНа обл.: 5
606 1 _aКройка и шитье
_jУчебники для специальных (коррекционных) образовательных учреждений
_9955861
_3RU\NLR\AUTH\66356218
686 1 _aМ481я721-1
700 1 _aКартушина
_bГ. Б.
_gГалина Борисовна
701 1 _aМозговая
_bГ. Г.
_gГалина Георгиевна
942 _cBOOK
980 _aNB